| 000 | 00964nam a2200229 a 4500 | ||
|---|---|---|---|
| 001 | 000787441 | ||
| 003 | AM-YeHGA | ||
| 005 | 20250617162230.0 | ||
| 008 | 110207s1955 ||||||||r|||||000|0|rus|d | ||
| 040 | _aAM-YeHGA | ||
| 041 | 0 | _arus | |
| 100 | 1 | _aПолосухина, Т.Я. | |
| 245 | 1 | 0 |
_aМатериалы по физиологии холестеринового обмена / _cТ.Я. Полосухина ; Институт физиологии АН Казахской ССР. |
| 260 |
_aАлма-Ата : _bИзд-во АН Казахской ССР, _c1955. |
||
| 300 |
_a148 с. : _bрис., табл. ; _c22 см. |
||
| 504 | _aБиблиогр.: с. 138-147 | ||
| 650 | 1 | 4 |
_aХолестерин _xМетаболизм |
| 650 | 1 | 4 | _aМетаболические процессы |
| 650 | 1 | 4 | _aФизиологические процессы |
| 710 | 2 | _aИнститут физиологии АН Казахской ССР | |
| 090 | _c488842 | ||
| 999 |
_c485473 _d485473 |
||